000 00371nam a2200145Ia 4500
008 240729s9999 xx 000 0 und d
022 _a2147-0634
245 0 _aMedicine Science
260 _aTürkiye
260 _bSociety of Turaz Bilim
650 _aMedicine
856 _uhttps://doaj.org/toc/2e554f1bd413411ba11d232885edfd02
942 _2ddc
942 _cDOAJEJ
999 _c67519
_d67519
945 _a1
_bMadushi Gamage
_c1
_dMadushi Gamage